Catálogo
 En Linea

El Cincuentenario de la Declaración Universal de Derechos Humanos en España / (Registro nro. 42652)

Detalles MARC
000 -CABECERA
campo de control de longitud fija 00576nam a2200157 a 4500
001 - NÚMERO DE CONTROL
campo de control 000043163
005 - FECHA Y HORA DE LA ÚLTIMA TRANSACCIÓN
campo de control 20201002040703.0
008 - DATOS DE LONGITUD FIJA--INFORMACIÓN GENERAL
campo de control de longitud fija 140220s1999 sp 000 0 spa d
020 ## - NÚMERO INTERNACIONAL ESTÁNDAR DEL LIBRO
Número Internacional Estándar del Libro 8495265028
040 ## - FUENTE DE LA CATALOGACIÓN
Centro catalogador/agencia de origen DO-SdBNP
Lengua de catalogación spa
Centro/agencia transcriptor BNPHU
245 03 - MENCIÓN DE TÍTULO
Título El Cincuentenario de la Declaración Universal de Derechos Humanos en España /
Mención de responsabilidad, etc. prólogo Abel Matutes Juan; presentación Jesus Riosalido.
260 ## - PUBLICACIÓN, DISTRIBUCIÓN, ETC.
Lugar de publicación, distribución, etc. Madrid, :
Nombre del editor, distribuidor, etc. Ministerio de Asuntos Exteriores,
Fecha de publicación, distribución, etc. 1999.
300 ## - DESCRIPCIÓN FÍSICA
Extensión 343 p. ;
Dimensiones 25 cm.
700 12 - PUNTO DE ACCESO ADICIONAL--NOMBRE DE PERSONA
Nombre de persona Riosalido, Jesus
Término indicativo de función/relación pres.
9 (RLIN) 70733
700 12 - PUNTO DE ACCESO ADICIONAL--NOMBRE DE PERSONA
Nombre de persona Matutes Juan, Abel
Término indicativo de función/relación prol.
9 (RLIN) 70734
Existencias
Estado de retiro Estado de pérdida Restricciones de uso No para préstamo Código de colección Localización permanente Ubicación/localización actual Ubicación en estantería Fecha de adquisición Número de inventario Total de préstamos Signatura topográfica completa Código de barras Fecha visto por última vez Precio válido a partir de Tipo de ítem Koha
      Excluido de préstamo Monografías: Libros y Folletos General General En catalogación 20.02.2014 LF1   43163-10 25.06.2020 25.06.2020 No se presta

Con tecnología Koha